01010nam a2200253 i 450000100060000000300080000600500170001400800410003102000150007203500190008704000320010604100080013808200260014610000370017224500700020926000290027930000500030850400410035865000400039994200120043999900170045195201430046895201450061133846BD-RjUL20211209052052.0140511s1978 fr af b i000 0 eng d a9231015206 a(BD-RjUL)33938 aDLCcDLCdDLCdBD-RjULbeng aeng00a306.0297283bALT 19782 aAlonso de Quesada, Alba.910278710aTowards a cultural policy for Honduras /cAlba Alonso de Quesada. aParis :bUnesco,cc1978. a73 p., [2] leaves of plates :bill. ;c24 cm. aIncludes bibliographical references. 0aArtszHondurasxManagement.9102789 2ddccBK c33846d33846 00102ddc40708NFICaRUCLbRUCLcStackd1982-06-09eUnesco Giftg0.00l0o306.0297283 ALT 1978r2014-05-11 00:00:00tC-2w2021-12-09yBK 00102ddc40718NFICaRUCLbRUCLcReadingd1982-06-09eUnesco Giftg0.00l0o306.0297283 ALT 1978r2014-05-11 00:00:00tC-1w2021-12-09yBK